书目信息 |
| 题名: |
大企业持续发展
|
|
| 作者: | 殷建平 编著 | |
| 分册: | ||
| 出版信息: | 上海 上海财经大学出版社 1999.04 |
|
| 页数: | 404页 | |
| 开本: | 32开 | |
| 丛书名: | ||
| 单 册: | ||
| 中图分类: | F061.3 | |
| 科图分类: | ||
| 主题词: | 经济学--分支科学 | |
| 电子资源: | ||
| ISBN: | 7-81049-286-1 | |
| 000 | 00560nam0 2200193 45 | |
| 001 | 0103211449 | |
| 005 | 20010321143900.1 | |
| 010 | @a7-81049-286-1@d26.00元 | |
| 100 | @a20010321d1999 km y0chiy0120 ea | |
| 101 | 0 | @achi |
| 105 | @a z 000yy | |
| 200 | 1 | @a大企业持续发展@ADa Qi Ye Chi Xu Fa Zhan@f殷建平编著@FYin Jian Ping Bian Zhu |
| 210 | @a上海@c上海财经大学出版社@d1999.04 | |
| 215 | @a404页@d32开 | |
| 606 | 0 | @a经济学@x分支科学 |
| 690 | @aF061.3@v3 | |
| 701 | 0 | @a殷建平@4编著 |
| 801 | @aCN@bPftUser@c20010321 | |
| 905 | @b330834-836@dF061.3@eY685@f3 | |
| 大企业持续发展/殷建平编著.-上海:上海财经大学出版社,1999.04 |
| 404页;32开 |
| ISBN 7-81049-286-1:26.00元 |
| ● |
| 相关链接 |
|
|
|
正题名:大企业持续发展
索取号:F061.3/Y685
 
预约/预借
| 序号 | 登录号 | 条形码 | 馆藏地/架位号 | 状态 | 备注 |
| 1 | 330834 | 203308349 | 社科库409/409社科库 64排2列1层/ [索取号:F061.3/Y685] | 在馆 | |
| 2 | 330835 | 203308358 | 社科库409/409社科库 64排2列1层/ [索取号:F061.3/Y685] | 在馆 |